| 000 | 00685nam a2200181Ia 4500 | ||
|---|---|---|---|
| 008 | 100921s9999 xx 000 0 und d | ||
| 082 |
_b1962 _a891.461 थ 60 |
||
| 100 | _aपंडित रघुनाथ.संपा.भिडे श्री.र. | ||
| 245 | _aनल-दमयंती स्वयंवर. | ||
| 260 |
_bविद्यामंदिर प्रकाशन,पुणे. _c1960 |
||
| 300 |
_a151 _b--- |
||
| 365 | _b3 | ||
| 520 | _aललित-काव्य. | ||
| 630 | _aनल-दमयंती स्वयंवर. | ||
| 650 | _aललित-काव्य. | ||
| 730 | _aनल-दमयंती स्वयंवर. | ||
| 942 | _cBOOK | ||
| 999 |
_c751075 _d751072 |
||